Logo BPK

Biblioteka

Politechniki Koszalińskiej

Rassejanie, reakcii i raspady v nereljativističeskoj kvantovoj mechanike / (Rekord nr 13697)

Szczegóły MARC
000 -ETYKIETA REKORDU
podpole kontrolne o stałej długości 00616nam a2200193 i 4500
001 - NUMER KONTROLNY REKORDU
pole kontrolne bg
040 ## - ŹRÓDŁO KATALOGOWANIA
Instytucja, która utworzyła rekord BPK
041 ## - KOD JĘZYKA
Kod języka tekstu pol
080 ## - UNIWERSALNA KLASYFIKACJA DZIESIĘTNA - UKD
UKD 530.145
008 - POLE O STAŁEJ DŁUGOŚCI - DANE KONTROLNE
podpole kontrolne o stałej długości s pl f |000 0 pol
100 1# - NAZWA OSOBOWA
Nazwa osobowa BAZ, A. J.
245 #0 - TYTUŁ/ODPOWIEDZIALNOŚĆ
Tytuł Rassejanie, reakcii i raspady v nereljativističeskoj kvantovoj mechanike /
Pozostałe elementy strefy tytułu i oznaczenia odpowiedzialności A.J. Baź, J.B. Zeldovic, A.M. Perelomov.
250 ## - STREFA WYDANIA
Oznaczenie wydania Izd. 2 ispravl. i dopol.
260 ## - STREFA ADRESU WYDAWNICZEGO
Miejsce wydania Moskva,
Data publikacji, dystrybucji/powstania dokumentu 1971.
700 1# - HASŁO DODATKOWE - NAZWA OSOBOWA
Nazwa osobowa ZELDOVIC, Ja. B.
700 1# - HASŁO DODATKOWE - NAZWA OSOBOWA
Nazwa osobowa PERELOMOV, A. M.
856 ## - LOKALIZACJA I DOSTĘP DO ELEKTRONICZNYCH DOKUMENTÓW ZDALNYCH
Link (URL) http://koha.tu.koszalin.pl/cgi-bin/koha/opac-detail.pl?biblionumber=13697
Tekst linku Katalog online BPK
942 ## - DODATKOWE ELEMENTY (KOHA)
Typ dokumentu Książka
Egzemplarze
Wycofany Status egzemplarza Uszkodzony Dostępność Lokalizacja stała Lokalizacja bieżąca Miejsce przechowywania Sygnatura Kod kreskowy Typ dokumentu
      Dostępny Biblioteka Politechniki Koszalińskiej Biblioteka Politechniki Koszalińskiej Wypożyczalnia BG 11105 01754056 Książka
      Dostępny Biblioteka Politechniki Koszalińskiej Biblioteka Politechniki Koszalińskiej Wypożyczalnia BG 12067 01757989 Książka
© 2023 Biblioteka Politechniki Koszalińskiej :: KOHA